Statystyki dla stany USA bez mapy

Kliknij tutaj aby rozwiązać quiz!

Ogólne statystyki

  • Ten quiz został rozwiązany 38 razy
  • Średni wynik to 42 z 50

Statystyki odpowiedzi

HintStan% Poprawnych
1Alabama
97%
2Alaska
97%
3Arizona
97%
21Kolorado
97%
46Waszyngton
97%
9Floryda
93%
44Utah
93%
28Missisipi
93%
35Nowy Jork
93%
19Karolina Północna
93%
18Karolina Południowa
93%
37Ohio
90%
42Teksas
90%
16Kalifornia
90%
10Georgia
90%
12Idaho
90%
7Dakota Północna
86%
6Dakota Południowa
86%
17Kansas
86%
32Nevada
86%
36Nowy Meksyk
86%
45Vermont
86%
11Hawaje
86%
26Michigan
83%
33New Hampshire
83%
34New Jersey
83%
41Rhode Island
83%
27Minnesota
83%
29Missouri
83%
40Pensylwania
83%
14Indiana
83%
5Connecticut
79%
22Luizjana
79%
23Maine
79%
38Oklahoma
79%
39Oregon
79%
50Wyoming
79%
20Kentucky
79%
31Nebraska
79%
4Arkansas
76%
8Delaware
76%
15Iowa
76%
30Montana
76%
47Wirginia
76%
13Illinois
76%
48Wirginia Zachodnia
76%
24Maryland
72%
49Wisconsin
72%
25Massachusetts
69%
43Tennesee
41%

Rozkład punktacji

Percentyl według liczby udzielonych odpowiedzi

Procent ludzi z każdym wynikiem

Twoja historia wyników

Nie rozwiązałeś tego quizu